00895nam a2200217 a 45000010005000000030005000050050017000100080041000270200015000680400020000831000026001032450170001292600091002994900027003906500034004176500052004517100053005039420013005569990015005699520093005843358CDMR20131128112253.0130130s1989||||||||||||||||||||||||||||d a8439311370 aCDMRbcatcCDMR1 aRio, Amparo Del9242210aReptes per a les telecomunicacions i la televisió a Europab: mercat interior i liberalització a la Comunitat EuropeacAmparo del Río ; pròleg: Blanca Vilà aBarcelonac1989bGeneralitat de Catalunya. Centre d'Investigació de la Comunicació0 aEstudis i Recerquesv30493092aIndústria audiovisual0491607aMitjans de comunicació de massazEuropa1 9304aCentre d'Investigació de la Comunicació cMON2udc c3358d3358 00104070aCDMRbCDMRd2013-01-16l0oFg /3pCDMR13107664Gr2013-01-16w2013-01-16yMON